Scorpion Mountain / John Flanagan ; illustrations ... Read More
Available copies
- 6 of 6 copies available at LARL/NWRL Consortium. (Show)
- 1 of 1 copy available at Lake Agassiz Regional Library.
Current holds
0 current holds with 6 total copies.
Show Only Available Copies
| Location | Call Number / Copy Notes | Barcode | Shelving Location | Status | Due Date |
|---|---|---|---|---|---|
| Detroit Lakes Public Library | J FLA (Text) | 33500013778584 | Main | Available | - |
Record details
- ISBN: 0399163565
- ISBN: 9780399163562
- ISBN: 9780399163562
- ISBN: 9780142427279 (pbk)
- Physical Description: 451 pages : illustrations, map ; 24 cm.
- Edition: American edition.
- Publisher: New York, NY : Philomel Books, an imprint of Penguin Group (USA), [2014]
Search for related items by subject
| Genre: | Adventure fiction. Science fiction. |
Search for related items by series
| LDR | 02503cam a2200577 i 4500 | ||
|---|---|---|---|
| 001 | 172802 | ||
| 003 | LARL_NWRL_CONSORTIUM | ||
| 005 | 20230406201024.0 | ||
| 008 | 140804s2014 nyuab c 000 1 eng c | ||
| 020 | . | ‡a0399163565 | |
| 020 | . | ‡a9780399163562 | |
| 020 | . | ‡a9780399163562 ‡q(trade) | |
| 020 | . | ‡a9780142427279 (pbk) | |
| 035 | . | ‡a(OCoLC)876349774 | |
| 042 | . | ‡alcac ‡apcc | |
| 082 | 0 | 4. | ‡a[Fic] ‡223 |
| 082 | 0 | 4. | ‡a823.92 ‡223 |
| 100 | 1 | . | ‡aFlanagan, John ‡q(John Anthony), ‡eauthor. ‡0(LARL_NWRL_CONSORTIUM)200791 |
| 245 | 1 | 0. | ‡aScorpion Mountain / ‡cJohn Flanagan ; illustrations by David Elliot. |
| 250 | . | ‡aAmerican edition. | |
| 260 | . | ‡aNew York, NY : ‡bPhilomel Books, an imprint of Penguin Group (USA), ‡c[2014] | |
| 300 | . | ‡a451 pages : ‡billustrations, map ; ‡c24 cm. | |
| 336 | . | ‡atext ‡2rdacontent | |
| 337 | . | ‡aunmediated ‡2rdamedia | |
| 338 | . | ‡avolume ‡2rdacarrier | |
| 490 | 0 | . | ‡aBrotherband chronicles ; ‡v5 |
| 650 | 0. | ‡aQuests (Expeditions) ‡vJuvenile fiction. | |
| 650 | 0. | ‡aSeafaring life ‡vJuvenile fiction. | |
| 650 | 0. | ‡aAssassins ‡vJuvenile fiction. | |
| 650 | 0. | ‡aAttempted assassination ‡vJuvenile fiction. | |
| 650 | 1. | ‡aQuests (Expeditions) ‡vFiction. ‡0(LARL_NWRL_CONSORTIUM)166982 | |
| 650 | 1. | ‡aSeafaring life ‡vFiction. ‡0(LARL_NWRL_CONSORTIUM)167186 | |
| 650 | 1. | ‡aAssassins ‡vFiction. ‡0(LARL_NWRL_CONSORTIUM)163322 | |
| 650 | 1. | ‡aAdventure and adventurers ‡vFiction. ‡0(LARL_NWRL_CONSORTIUM)175858 | |
| 650 | 1. | ‡aScience fiction. ‡0(LARL_NWRL_CONSORTIUM)30394 | |
| 655 | 7. | ‡aAdventure fiction. ‡2gsafd | |
| 655 | 7. | ‡aScience fiction. ‡2gsafd | |
| 700 | 1 | . | ‡aElliot, David, ‡d1952- ‡eillustrator. ‡0(LARL_NWRL_CONSORTIUM)105153 |
| 901 | . | ‡a172802 ‡bOCLC ‡c172802 ‡tbiblio | |

Add to basket
Permalink
Disable Highlighting